01431cam a2200361 i 450000100090000000300090000900500170001800800410003502000150007602000180009104000650010908200200017410000380019424501670023225000200039926400700041926400100048930000570049933600260055633700280058233800270061050400520063765000420068965000430073165100100077465300340078465500170081870000300083570000350086594200120090099900170091295201400092914000574EG-ScBUE20241015135259.0050613t2006 njua f b 001 0 eng d a0131862367 a9780131862364 aDLCbengerdacDLCdYDXdBAKERdUKMdIXAdVP@dDLCdEG-ScBUE04a515.35222bPOL1 aPolking, John C.,eauthor.93903010aDifferential equations with boundary value problems /cJohn Polking, Rice University, Albert Boggess, Texas A&M University, David Arnold, College of the Redwoods. aSecond edition. 1aUpper Saddle River, New Jersey :bPearson Education Inc.,c[2006] 4cc2006 a1 volume (various pagings) :billustrations ;c27 cm 2rdacontentatextbtxt 2rdamediaaunmediatedbn 2rdacarrieravolumebnc aIncludes bibliographical references and index.  7aDifferential equations.2BUEsh937976 7aBoundary value problems.2BUEsh918377 2BUEsh bENGGENcJune2015cJanuary2016 vReading book1 aBoggess, Albert,eauthor.1 aArnold, David,d1945-eauthor. 2ddccBB c20022d19994 00102ddc40708AlahramaMAINbMAINc1STd2015-06-29ePurchaseg228.50h337l0o515.35 POLp000039207r2025-07-15 00:00:00v285.63yBB